Оснивање библиотеке у Кисачу

Titel: Оснивање библиотеке у Кисачу : прилози за историју библиотекарства = Zakladanie knižnice v Kysáči : príspevky k dejinám knihovníctva / Михал Гомбар
Verfasser:
Ausgabe: 1. изд.
Veröffentlicht: Нови Сад : Градска библиотека, 2014
Umfang: 180 Seiten + 25 cm
Format: Buch
Sprache: Slowakisch
Schlagworte:
ISBN: 9788682275992
Buchumschlag
X
alg: 41587981
001A    $03004:18-08-17 
001B    $01999:23-05-19 $t11:45:08.000 
001C    $03004:18-08-17 $t16:02:22.000 
001D    $01999:18-08-17 
001U    $0utf8 
001X    $00 
002@    $0Aay 
003@    $0415879817 
004A    $A978-86-82275-99-2 
007A    $0415879817 $aHEB 
007G    $0DE020803ACF096F7748CBC1258401003E32B5 
009P    $qapplication/pdf $A2 $3Inhaltsverzeichnis $uhttp://scans.hebis.de/HEBCGI/show.pl?41587981_toc.pdf $mV:DE-603;B:DE-Mb50 
010@    $aslo 
011@    $a2014 $n2014 
013H    $0z 
021A    $aОснивање библиотеке у Кисачу $dприлози за историју библиотекарства $fZakladanie knižnice v Kysáči $fpríspevky k dejinám knihovníctva $fMichal Gombár ; [приређивач и преводилац са словачког Зденка Валент Белић] $hМихал Гомбар 
027A    $aZakladanie knižnice v Kysáči : príspevky k dejinám knihovníctva 
028A    $#Gombár, Michal $71083824988 $8Gombar, Mihal$Z1933- [Tp3] $9370775864 
032@    $a1. изд. 
033A    $pНови Сад $nГрадска библиотека 
034D    $a180 Seiten 
034K    $a25 cm 
044K    $RSerbien und Montenegro $#Serbien $#Serbien $#Serbie $#République Populaire de Serbie $#RP de Serbie $#Narodna Republika Srbija $#Socijalistička Republika Srbija $#Serbien Gebiet unter Deutscher Besatzung, 1941 - 1944 $#Besetztes Serbisches Gebiet $#Okupirana Srpska Teritorija $#Kraljevina Srbija $#Royaume de Serbie $#NR Srbije $#SR Srbije $#Sozialistische Republik Serbien $#SRS $#NRS $#Fürstentum Serbien $#Altserbien $#Königreich Serbien $#Republika Srbija $#Republic of Serbia $#Republik Serbien $#Srbija $#Serbien ab 2006 $#SR Srbija Socijalistička republika Srbija $#Serbia ab 2006 $#Serbia $#Srbija ab 2006 $#Socijalistička republika Srbija $74054598-2 $8Serbien [Tg1] $9085151912 
044K    $RNovi Sad $#Kysáč $#Kiszács $71084836629 $8Kisač [Tg1] $9371580439 
044K    $RSlowakin $#Slovaks $#Slovaques $#Slowaken $#Slowake $74055298-6 $8Slowaken [Ts1] $9085153842 
044K    $RMinderheit $RBedrohtes Volk $REthnische Gruppe $#Minorities $#Minorités $#Minderheit $#Ethnische Minorität $#Ethnisch-kulturelle Minderheit $#Ethnische Minderheit $#Nationale Minderheiten $74039409-8 $8Nationale Minderheit [Ts1] $908510745X 
044K    $RKultur $RSachkultur $RArbeiterkultur $RIndustriekultur $RMassenkultur $RVolkskultur $RAlltag $#Manners and customs $#Moeurs et coutumes $#Alltagskultur $#Alltag Kultur $74122782-7 $8Alltagskultur [Ts1] $9085402958 
044K    $RKulturelle Einrichtung $RBibliothekswissenschaft $#Libraries $#Bibliothèques $#Biblioteche $#Bibliotecas $#libraries $#Libraries $#Bibliothek $#Bibliothek $#Bibliotheken $#Allgemeinbibliothek $#Bibliothekswesen $#Bücherei $#Universalbibliothek $#Gebrauchsbibliothek $74006439-6 $8Bibliothek [Tsz] $9085009229 
044K    $RKultur $RLiterarisches Leben $#Books and reading $#Livres et lecture $#Buchkultur $#Lesen Kultur $#Lektüre Kultur $74273696-1 $8Lesekultur [Ts1] $9086468170 

lok: 41587981 24

exp: 41587981 24 1 #EPN
201B/01 $022-02-19 $t15:16:08.000 
201C/01 $018-08-17 
201U/01 $0utf8 
203@/01 $01006181334 
208@/01 $a18-08-17 $bz 
209A/01 $a17.04803 $du $f050 $h17 04803 $x00 
209C/01 $a17.04803 K $h17 04803 K 
209G/01 $a73763118 $x00 
220C/01 $akon 
247C/01 $8358050-7 Marburg, Bibliothek des Herder-Instituts Marburg $9102600961
LEADER 00000cam a22000002c 4500
001 415879817
003 DE-603
005 20190523114508.0
007 tu
008 170818s2014 xx |||| | u00||u|slo c
020 |a 9788682275992 
035 |a (DE-599)HEB415879817 
040 |a DE-603  |b ger  |c DE-603  |d DE-603 
041 |a slo 
100 1 |a Gombar, Mihal  |d 1933-  |0 (DE-603)370775864  |0 (DE-588)1083824988  |2 gnd 
245 0 0 |a Оснивање библиотеке у Кисачу  |b прилози за историју библиотекарства = Zakladanie knižnice v Kysáči : príspevky k dejinám knihovníctva  |c Михал Гомбар 
246 1 3 |a Zakladanie knižnice v Kysáči : príspevky k dejinám knihovníctva 
250 |a 1. изд. 
264 1 |a Нови Сад  |b Градска библиотека  |c 2014 
300 |a 180 Seiten  |e 25 cm 
650 7 |a Slowaken  |0 (DE-588)4055298-6  |0 (DE-603)085153842  |2 gnd 
650 7 |a Nationale Minderheit  |0 (DE-588)4039409-8  |0 (DE-603)08510745X  |2 gnd 
650 7 |a Alltagskultur  |0 (DE-588)4122782-7  |0 (DE-603)085402958  |2 gnd 
650 7 |a Bibliothek  |0 (DE-588)4006439-6  |0 (DE-603)085009229  |2 gnd 
650 7 |a Lesekultur  |0 (DE-588)4273696-1  |0 (DE-603)086468170  |2 gnd 
651 7 |a Serbien  |0 (DE-588)4054598-2  |0 (DE-603)085151912  |2 gnd 
651 7 |a Kisač  |0 (DE-588)1084836629  |0 (DE-603)371580439  |2 gnd 
856 4 2 |m V:DE-603;B:DE-Mb50  |q application/pdf  |u http://scans.hebis.de/HEBCGI/show.pl?41587981_toc.pdf  |3 Inhaltsverzeichnis 
924 0 |9 Mb 50  |a (DE-603)1006181334  |b DE-Mb50  |c HES  |d c  |g 17.04803